00633nam a2200181Ia 4500952014600000999001700146003000400163005001700167008004100184040000900225082002100234100002100255245005100276260005100327300000900378650001500387942004900402 00102ddc40708ENTRANCEaMESbMEScCAREER CORNERd2019-02-20g175.00l0o647.94023 PUB/Hp32554r2019-02-20 00:00:00w2019-02-20yREFzU8R4 c36898d36898OSt20210123122946.0190216s9999||||xx |||||||||||||| ||und|| coclc a647.94023bPUB/H aPublishers93512 0aHotel Management Admission Tests /cPublishers bCompetition Review Pvt Ltd,c2008.aNew Delhi: a336p aReferences cREF2ddch647.94023iPUB/Hk647.94023mPUB/H